000 00937nam a2200229Ii 4500
003 JO-AjNU
008 230605s9999||||xx |||||||||||||| ||und||
017 _a2011/7/2719
020 _a978-9957-07-957-4
040 _aJO-AjNU
_bara
_erda
_cJO-AjNU
041 _aara
050 1 4 _aQ180.A1.U2234 2020
100 3 _aتاليف عبيدات، ذوقان، م. مشارك كايد عبدالحق، م.مشا ك عبدالرحمن عدس,
_eauthor
_960622
245 0 0 _aالبحث العلمي: مفهومه واداواته واساليبه=SCIENTIFIC RESEARCH
250 _aالطبعة التاسعة عشر
264 3 1 _aعمان: دار الفكر ناشرون وموزعون، 2020
300 _a312ص
_b ويحتوي على قائمة مراجع من ص309ص- 312ص
336 _atext
_btxt
_2rdacontent
337 _aunmediated
_bn
_2rdamedia
338 _avolume
_bnc
_2rdacarrier
650 4 _aالبحث العلمي
_960623
999 _aA27347
_c30915
_d30915